000 00218nam a2200097Ia 4500
008 230508s1988 xx 000 0 und d
041 _aeng
100 _aLEVENTHAL
245 _aINTRO. TO MICROPROCESSOR
260 _c1988
999 _c333893
_d333893